Ecología : una idea integradora y actualizada para el aprendizaje de las ciencias naturales en el tercer ciclo de la educación general básica (7º, 8º y 9º) :
Guardado en:
| Autor Principal: | |
|---|---|
| Formato: | Libro |
| Publicado: |
Buenos Aires :
Marymar,
1997
|
| Edición: | 2a. ed. |
| Series: | Colección El maestro en su acción cotidiana
|
| Materias: | |
| Etiquetas: |
Agregar Etiqueta
Sin Etiquetas, Sea el primero en etiquetar este registro!
|
| LEADER | 03268nam a22003855a 4500 | ||
|---|---|---|---|
| 001 | CEM.cems009600 | ||
| 008 | 130507s1997##################000#0#####d | ||
| 005 | 20211005172800.0 | ||
| 003 | CEMS | ||
| 245 | 1 | 0 | |a Ecología : |b una idea integradora y actualizada para el aprendizaje de las ciencias naturales en el tercer ciclo de la educación general básica (7º, 8º y 9º) : |c Jorge A. Ratto |
| 250 | |a 2a. ed. | ||
| 260 | |a Buenos Aires : |b Marymar, |c 1997 | ||
| 300 | |a 145 p. | ||
| 490 | 0 | |a Colección El maestro en su acción cotidiana | |
| 500 | |a Para Nivel Egb | ||
| 505 | 0 | |a Contenido: Ecología, ciencia de la vida -- Qué es la ecología? -- Qué estudia la ecología? -- Un poco de historia -- Alteraciones en los ecosistemas -- Interacción de seres vivos y no vivos -- El estudio de ecosistemas -- Elementos abiótivos (biotopo) y bióticos (comunidad) -- Factores abióticos -- El sustrato -- El suelo como sustrato -- El agua -- El agua en el ambiente terrestre -- La temperatura -- La luz -- Factores bióticos -- Dinámica del ecosistema -- Organismos productores, consumidores y desintegradores -- Relaciones entre los componentes vivos de un sistema -- Depredación -- Parasitismo -- Comensalismo -- Mutualismo -- Pautas de vida sobre la tierra -- El estudio de los biomas del mundo -- La tundra -- La taiga -- El bosque templado caducifolio -- El bosque tropical lluvioso -- La pradera -- Los desiertos -- Otros biomas: sabana, tropical caducifolio y bosque mediterráneo achaparrado -- Océanos -- Estuarios -- Lagunas y lagos -- Ríos y arroyos -- Síntesis informativa de los biomas argentinos -- El pastizal pampeano -- El parque mesopotámico -- El parque chaqueño -- La selva misionera -- La selva salto-jujeña-tucumana -- El bosque andino-patagónico -- El semidesierto patagónico y el litoral atlántico -- El monte -- La Puna y los altos Andes -- El flujo de energía -- El proceso de fotosíntesis -- Cadenas, redes y ciclos alimentarios -- Pirámides ecológicas -- Los ciclos de la materia -- Ciclo del agua -- La lluvia ácida -- Ciclo del carbono -- El efecto invernadero -- La capa de ozono -- Ciclo del nitrógeno -- Ciclo del fósforo -- Cambios en los ecosistemas -- Pautas de poblaciones Ecología, ciencia de la vida -- El estudio de los ecosistemas -- Pautas de vida sobre la tierra -- El flujo de energía -- Los ciclos de la materia -- Cambios en los ecosistemas | |
| 020 | |a 9505032269 | ||
| 100 | 1 | |a Ratto, Jorge A. | |
| 082 | 0 | 4 | |a 372.857 |
| 653 | |a Bioma | ||
| 653 | |a Ciclo del agua | ||
| 653 | |a Ciclo del carbono | ||
| 653 | |a Ciclo del fósforo | ||
| 653 | |a Lluvia ácida | ||
| 653 | |a Efecto invernadero | ||
| 653 | |a Capa de ozono | ||
| 653 | |a Didáctica de las ciencias naturales | ||
| 653 | |a Ciencias naturales-didáctica | ||
| 653 | |a Educación | ||
| 859 | |a CEMS |b BIB. CEMS - 11 de abril |h 372.857 |i R186 |p 19419.97 |t Ej.1 | ||
| 859 | |a CEMS |b BIB. CEMS - Agricultura |h 372.857 |i R186 |p A2716.15 |t Ej.1 | ||
| 859 | |a CEMS |b BIB. CEMS - 11 de abril |h 372.857 |i R186 |p 19420.97 |t Ej.2 | ||
| 859 | |a CEMS |b BIB. CEMS - Agricultura |h 372.857 |i R186 |p A19787.98 |t Ej.2 | ||
| 859 | |a CEMS |b BIB. CEMS - 11 de abril |h 372.857 |i R186 |p 19421.97 |t Ej.3 | ||
| 859 | |a CEMS |b BIB. CEMS - Agricultura |h 372.857 |i R186 |p A19794.98 |t Ej.3 | ||
